LIBRARY & INFORMATION CENTRE, KCAET, TAVANUR

ONLINE PUBLIC ACCESS CATALOGUE (OPAC)

A Textbook of Nanophysics (Record no. 14618)

MARC details
000 -LEADER
fixed length control field 00298nam a22001217a 4500
020 ## - INTERNATIONAL STANDARD BOOK NUMBER
ISBN 9789382126263
082 ## - DEWEY DECIMAL CLASSIFICATION NUMBER
Classification number 620.5
Item number KAP/TE
100 ## - MAIN ENTRY--AUTHOR NAME
Personal name Kapoor, S.N.
245 ## - TITLE STATEMENT
Title A Textbook of Nanophysics
260 ## - PUBLICATION, DISTRIBUTION, ETC. (IMPRINT)
Place of publication New Delhi
Name of publisher Astha Publishers and Distributors
Year of publication 2014
300 ## - PHYSICAL DESCRIPTION
Number of Pages 264
942 ## - ADDED ENTRY ELEMENTS (KOHA)
Koha item type Books
Holdings
Withdrawn status Lost status Damaged status Collection code Home library Current library Shelving location Date acquired Source of acquisition Cost, normal purchase price Full call number Accession Number Koha item type
        KAUAET KAUAET General Stacks 21/07/2016 Professional Book Centre. 995.00 620.5 KAP/TE 24257 Books
free website counter